Načítá se...

The Working Classes in Victorian Fiction

Podrobná bibliografie
Hlavní autor: Keating, P J
Médium: Printed Book
Vydáno: London; Routledge & Kegan Paul Ltd; 1971
Vydání:1st
Témata:
LEADER 00550nam a22001577a 4500
020 |a 0710001967 
082 |a 824  |b KEA/T L1 
100 |a Keating, P J  |9 298560 
245 |a The Working Classes in Victorian Fiction 
250 |a 1st 
260 |a London;  |b Routledge & Kegan Paul Ltd;  |c 1971 
300 |a 310p. 
650 |a Fiction Study; English Literature  |9 298378 
942 |c BK 
999 |c 60904  |d 60904 
952 |0 0  |1 0  |4 0  |6 824_000000000000000_KEA_T_L1  |7 0  |8 EngFic  |9 73174  |a MAL  |b MAL  |d 2016-09-17  |e 27459  |g 3.50  |l 0  |o 824 KEA/T L1  |p MAL027459  |r 2016-09-17  |t 1  |w 2016-09-17  |y BK